| 000 | 00364 a2200121 4500 | ||
|---|---|---|---|
| 001 | ART_59374 | ||
| 005 | 20260410162051.0 | ||
| 008 | 260409a | ||
| 245 | 1 | 0 | _aAnticipos de impuestos. Incompatibilidades con el buen derecho |
| 100 | 1 | _aVega, Juan Manuel | |
| 700 | 1 | _aVega, Gerardo E. | |
| 773 | 0 |
_tImpuestos _g- N° 156 (sep. 2023) _wREV45175 |
|
| 999 |
_c35822 _d35822 |
||